000 00516nam a2200193Ia 4500
003 GCL
008 140319s9999 xx 000 0 eng d
040 _aGCL /
_cGCL
082 0 4 _a332.6
_bH F
100 1 _aHIRT, GEOFFREY A
245 1 0 _aFUNDAMENTALS OF INVESTMENT MANAGEMENT /
_cHIRT, GEOFFREY A
700 1 _aBLOCK, STANLEY B
260 _a[S.N] :
_bIRWIN ،
_c1996
300 _a714 P
650 0 4 _aINVESTMENTS
650 0 4 _aINVESTMENTS - UNITED STATES
650 0 4 _aINVESTMENT ANALYSIS
942 _2ddc
_cBK
999 _c13327
_d13327